000
00352 a2200169 4500
001
163970
020
_a
85-08-01961-0
040
_c
Magnum
100
_a
França, Mary
240
1
0
_a
Tuca, vovó e guto
_l
por
245
1
0
_a
Tuca, vovó e guto
300
_a
12
362
0
_a
1996
440
1
_a
Ática
697
_a
LITERATURA INFANTIL
942
_c
BK
999
_c
163970
_d
163970